00453nam a2200169Ia 4500003000500000008004100005020001800046040001900064082000700083100002500090100003200115245007100147260002900218300001500247365000900262546001200271STCL221019s9999 xx 000 0 und d a9788131791387 aSTCLcSTCLbEN 222 aMazidi, Muhammad Ali aNaimi,Sarmad; Naimi, Sepehr 4aThe AVR microcontroller and embedded systems: using assembly and C bPearsonaNew Delhic2013 axlv, 776 p b2463 aEnglish